01266nam a2200397 i 450000100060000000300090000600500170001500800390003201500180007102000150008903500210010404000280012504100080015304600090016108000160017008000200018608000120020610000400021824500730025825000490033126000540038030000210043438000160045538800100047150400340048164800100051565000230052565000370054865000220058565000280060765100110063565500300064665800510067671000430072785600980077045821KOSZ 00520220909141302.0040521s2004 pl f f |001 0 pol aPB 2004/10005 a8373343091 a(OCoLC)830572182 aWA NcWA NdKOSZ 005/HR0 apol k2004 a347.73(438) a336.14:352(438) a(075.8)1 aBorodo, Andrzejd(1949-2020)eAutor10aSamorząd terytorialny :bsystem prawnofinansowy /cAndrzej Borodo. aWyd. 3 zm., stan prawny na 1 maja 2004 roku. aWarszawa :bWydaw. Prawnicze "LexisNexis",c2004. a348 s. ;c24 cm. aKsiążki a2001- aBibliogr. s. 341-344. Indeks. 7a2001- 4aBudżety terenowe 4aPrawo samorządu terytorialnego 4aFinanse publiczne 4aSamorząd terytorialny 7aPolska 4aPodręczniki akademickie aPolityka, politologia, administracja publiczna2 aWydawnictwo Prawnicze LexisNexis4pbl. uhttp://koha.tu.koszalin.pl/cgi-bin/koha/opac-detail.pl?biblionumber=45821yKatalog online BPK